Real estate law

Bibliographic Details
Main Author: Jacobus, Charles L.
Other Authors: Levi, Donald R
Format: Book
Published: Virginia : Reston Publishing co , 1980
Subjects:

MARC

LEADER 00000cam a2200000 7i4500
001 0000002729
005 20050701.0
020 |a 083596536 
040 |a INS 
090 0 0 |a KF665.   |b J27 1980 
100 1 |a Jacobus, Charles L. 
245 1 0 |a Real estate law   |c Charles L. Jacobus 
260 |a Virginia :   |b Reston Publishing co ,   |c 1980 
300 |a xiip :   |b 348p ;   |c 24cm. 
500 |a Includes index 
650 0 0 |a Real estate business   |x law and legislation   |z United States 
650 0 0 |a Vendors and purchases   |z United State   |x law 
700 1 |a Levi, Donald R 
999 |a 0000000832   |b BOOK   |c Open Shelf   |e Default branch